[Event "Mitropa Cup 17th"]
[Site "Montecatini Terme"]
[Date "1997.??.??"]
[Round "9"]
[White "Ptacnikova, Lenka"]
[Black "Benitah, Yohan"]
[Result "1/2-1/2"]
[WhiteElo "2295"]
[BlackElo "2350"]
[PlyCount "101"]
[EventDate "1997.11.07"]
[EventType "team-tourn"]
[EventRounds "9"]
[EventCountry "ITA"]
[Source "ChessBase"]
[SourceDate "1998.03.09"]

1. e4 e6 2. d4 d5 3. Nd2 Nf6 4. e5 Nfd7 5. Bd3 c5 6. c3 Nc6 7. Ne2 cxd4 8. cxd4
f6 9. exf6 Qxf6 10. Nf3 h6 11. Bc2 Bd6 12. Qd3 Nb4 13. Qg6+ Ke7 14. Bb1 Nf8 15.
Qh5 g6 16. Qh4 Bd7 17. Bf4 Bxf4 18. Qxf4 Qxf4 19. Nxf4 g5 20. Nd3 a5 21. a3
Nxd3+ 22. Bxd3 Be8 23. Rc1 Kd6 24. Ne5 Nd7 25. h4 Rg8 26. hxg5 hxg5 27. Ng4 Rf8
28. g3 Nb8 29. Kd2 Nc6 30. Ke3 b6 31. Rh7 Ne7 32. Ne5 Rg8 33. Rh6 Rf8 34. f4
gxf4+ 35. gxf4 Rb8 36. Rf1 Bd7 37. f5 Ng8 38. Rg6 Ne7 39. Rh6 Ng8 40. Rh7 Nf6
41. Nxd7 Nxd7 42. fxe6 Kxe6 43. Rh6+ Rf6 44. Bf5+ Kd6 45. Rfh1 Rbf8 46. Kf4 Nb8
47. Kg5 Rxh6 48. Rxh6+ Kc7 49. Rh7+ Kd6 50. Rg7 Rd8 51. Rg6+ 1/2-1/2

[Event "Mitropa Cup 17th"]
[Site "Montecatini Terme"]
[Date "1997.??.??"]
[Round "9"]
[White "Rogic, Davor"]
[Black "Grosar, Aljosa"]
[Result "1/2-1/2"]
[WhiteElo "2445"]
[BlackElo "2455"]
[PlyCount "132"]
[EventDate "1997.11.07"]
[EventType "team-tourn"]
[EventRounds "9"]
[EventCountry "ITA"]
[Source "ChessBase"]
[SourceDate "1998.03.09"]

1. e4 c5 2. Nf3 d6 3. d4 cxd4 4. Nxd4 Nf6 5. Nc3 Nc6 6. Bc4 Bd7 7. Bb3 g6 8.
Nde2 Bg7 9. f3 Na5 10. Qd3 O-O 11. h4 a6 12. h5 Nxh5 13. g4 Nf6 14. Bh6 Nxb3
15. axb3 Bxh6 16. Rxh6 Bb5 17. Qe3 Bxe2 18. Kxe2 Kg7 19. Rah1 Rh8 20. Qd4 e5
21. Qd2 Rc8 22. R6h4 h5 23. Nd5 Nxd5 24. exd5 Qc7 25. c4 hxg4 26. fxg4 Rxh4 27.
Rxh4 Rh8 28. Rxh8 Kxh8 29. Qc3 Kg8 30. b4 b6 31. b3 a5 32. bxa5 bxa5 33. b4
axb4 34. Qxb4 Qd7 35. Kf3 Qe7 36. c5 dxc5 37. Qb8+ Kg7 38. d6 e4+ 39. Ke2 Qe5
40. Qb6 Qd4 41. g5 Qd3+ 42. Ke1 c4 43. d7 Qxd7 44. Qb2+ f6 45. Qxf6+ Kh7 46.
Qe5 Qb7 47. Kd2 Qb4+ 48. Ke2 c3 49. Qc7+ Kg8 50. Qd8+ Qf8 51. Qd5+ Qf7 52. Qxe4
Qa2+ 53. Ke3 Qd2+ 54. Kf3 Kf7 55. Qc4+ Ke7 56. Qc7+ Ke6 57. Qc6+ Ke5 58. Qe4+
Kd6 59. Qb4+ Kd7 60. Qb7+ Ke8 61. Qc6+ Ke7 62. Qc5+ Kd7 63. Qb5+ Ke6 64. Qc6+
Ke7 65. Qc5+ Qd6 66. Qxc3 Qd5+ 1/2-1/2

[Event "Mitropa Cup 17th"]
[Site "Montecatini Terme"]
[Date "1997.??.??"]
[Round "9"]
[White "Teske, Henrik"]
[Black "Ekstroem, Roland"]
[Result "1-0"]
[WhiteElo "2515"]
[BlackElo "2475"]
[PlyCount "97"]
[EventDate "1997.11.07"]
[EventType "team-tourn"]
[EventRounds "9"]
[EventCountry "ITA"]
[Source "ChessBase"]
[SourceDate "1998.03.09"]

1. e4 e5 2. Nf3 d6 3. d4 exd4 4. Nxd4 Nf6 5. Nc3 Be7 6. g3 d5 7. exd5 Nxd5 8.
Bd2 O-O 9. Bg2 Bf6 10. Nxd5 Bxd4 11. O-O Bxb2 12. Rb1 Ba3 13. Bf4 Na6 14. Nxc7
Nxc7 15. Qxd8 Rxd8 16. Bxc7 Rd2 17. Rfd1 Rxd1+ 18. Rxd1 Be6 19. Bxb7 Re8 20.
Bf4 h6 21. Be3 a5 22. Bd5 Kf8 23. Bxe6 Rxe6 24. Rd3 Bb4 25. c3 Ba3 26. Rd8+ Re8
27. Rd5 Ra8 28. Bb6 a4 29. Ra5 Rxa5 30. Bxa5 Ke8 31. Kf1 h5 32. Bb4 Bc1 33. Ke2
Kd7 34. Kd3 f5 35. Kc4 Kc6 36. Bc5 f4 37. h3 fxg3 38. fxg3 g6 39. Bf8 Bd2 40.
Bg7 Bc1 41. Kb4 a3 42. Kc4 Kd6 43. Kb5 Bb2 44. Bf8+ Ke6 45. c4 Be5 46. g4 hxg4
47. hxg4 Kf6 48. c5 Kg5 49. Bd6 1-0

[Event "Mitropa Cup 17th"]
[Site "Montecatini Terme"]
[Date "1997.??.??"]
[Round "9"]
[White "Tratar, Marko"]
[Black "Stevic, Hrvoje"]
[Result "1/2-1/2"]
[WhiteElo "2395"]
[BlackElo "2400"]
[PlyCount "103"]
[EventDate "1997.11.07"]
[EventType "team-tourn"]
[EventRounds "9"]
[EventCountry "ITA"]
[Source "ChessBase"]
[SourceDate "1998.03.09"]

1. Nf3 d5 2. d4 Nf6 3. c4 dxc4 4. e3 Bg4 5. h3 Bh5 6. Bxc4 e6 7. O-O Nbd7 8.
Nc3 Bd6 9. e4 e5 10. Be3 O-O 11. Be2 Qe8 12. d5 Bg6 13. Nd2 Bc5 14. Bxc5 Nxc5
15. Qb1 c6 16. dxc6 Qxc6 17. f3 Ne6 18. Rf2 Qc5 19. Bf1 Rac8 20. Nb3 Qb6 21.
Qe1 a6 22. Rd1 Rfd8 23. Rxd8+ Rxd8 24. Nd1 Ne8 25. Ne3 N8c7 26. Nc4 Qb5 27. Qa5
f6 28. Ne3 Qxa5 29. Nxa5 b6 30. Nc6 Rd6 31. Nb4 a5 32. Nc4 Rd1 33. Nc2 Na8 34.
N2e3 Ra1 35. b3 Nd4 36. Nd5 Be8 37. Nd6 Bd7 38. Kh2 Rc1 39. Ba6 Nc7 40. Nxc7
Rxc7 41. Bc4+ Be6 42. Rd2 Rd7 43. Rxd4 Bxc4 44. Rxc4 Rxd6 45. Rc8+ Kf7 46. Rc7+
Kg6 47. Rb7 h5 48. h4 Kh6 49. Kg3 Rc6 50. a3 Kh7 51. b4 Rc3 52. Rxb6 1/2-1/2

[Event "Mitropa Cup 17th"]
[Site "Montecatini Terme"]
[Date "1997.??.??"]
[Round "9"]
[White "Vokac, Marek"]
[Black "Anic, Darko"]
[Result "1/2-1/2"]
[WhiteElo "2480"]
[BlackElo "2445"]
[PlyCount "86"]
[EventDate "1997.11.07"]
[EventType "team-tourn"]
[EventRounds "9"]
[EventCountry "ITA"]
[Source "ChessBase"]
[SourceDate "1998.03.09"]

1. Nf3 c6 2. c4 Nf6 3. Nc3 d5 4. d4 e6 5. Bg5 h6 6. Bxf6 Qxf6 7. Qc2 Nd7 8. e4
dxc4 9. e5 Qf5 10. Qxf5 exf5 11. Bxc4 Nb6 12. Bb3 Be6 13. Bxe6 fxe6 14. h4 g6
15. g3 Be7 16. Ke2 Kf7 17. Rag1 Rad8 18. g4 Nd5 19. gxf5 gxf5 20. h5 Rhg8 21.
Nxd5 cxd5 22. Rxg8 Rxg8 23. Rg1 Rxg1 24. Nxg1 Ke8 25. Kd3 Kd7 26. Ne2 Bh4 27.
f3 Bg5 28. Nc3 Kc6 29. Nd1 Bc1 30. Kc3 b6 31. Nf2 Bg5 32. Nd3 Kb5 33. b3 Kc6
34. a4 Be3 35. b4 Bg5 36. b5+ Kb7 37. a5 Kc7 38. a6 Be7 39. Kb3 Bf8 40. Nf4 Kd7
41. Ne2 Be7 42. Nc1 Bf8 43. Nd3 Kc7 1/2-1/2

[Event "Mitropa Cup 17th"]
[Site "Montecatini Terme"]
[Date "1997.??.??"]
[Round "9"]
[White "Weiss, Christian"]
[Black "Mrva, Martin"]
[Result "1-0"]
[WhiteElo "2325"]
[BlackElo "2395"]
[PlyCount "177"]
[EventDate "1997.11.07"]
[EventType "team-tourn"]
[EventRounds "9"]
[EventCountry "ITA"]
[Source "ChessBase"]
[SourceDate "1998.03.09"]

1. Nf3 Nf6 2. g3 g6 3. Bg2 Bg7 4. O-O O-O 5. c4 d6 6. d4 Bg4 7. h3 Bxf3 8. Bxf3
Nc6 9. e3 e5 10. d5 Ne7 11. Nc3 Nd7 12. e4 f5 13. Rb1 a5 14. a3 Nf6 15. b4 axb4
16. axb4 Kh8 17. Bg5 Qd7 18. Bxf6 Rxf6 19. Ra1 Raf8 20. Ra7 Qc8 21. Qa4 Bh6 22.
Qa2 R6f7 23. Ra1 Kg7 24. Bg2 f4 25. Nd1 Ng8 26. gxf4 Bxf4 27. c5 Nf6 28. c6
bxc6 29. dxc6 Qb8 30. Rb7 Qd8 31. b5 Nh5 32. Qe2 Bg5 33. Qg4 Bh4 34. Raa7 Qf6
35. Rxc7 Bxf2+ 36. Nxf2 Qxf2+ 37. Kh2 Qxa7 38. Rxa7 Rxa7 39. b6 Ra2 40. c7 Rc2
41. Kh1 Nf4 42. Qd7+ Kh6 43. b7 Nxg2 44. Qb5 Nh4 45. c8=Q Rcxc8 46. bxc8=Q Rxc8
47. Qb2 Rf8 48. Qd2+ Rf4 49. Qxd6 Rxe4 50. Kg1 Nf5 51. Qc7 Re3 52. Kf2 Re4 53.
Kg2 Re3 54. Kf2 Rxh3 55. Qxe5 Kg5 56. Kg2 Re3 57. Qc7 h5 58. Qc1 h4 59. Kh2 Kf4
60. Qc4+ Re4 61. Qc1+ Kg4 62. Qd1+ Kg5 63. Qd2+ Kh5 64. Qd1+ Kh6 65. Qc1+ Kh7
66. Kh3 Re3+ 67. Kg4 Rg3+ 68. Kf4 Ng7 69. Qh1 Nh5+ 70. Ke5 h3 71. Ke6 Nf4+ 72.
Kf6 Nh5+ 73. Kf7 Rc3 74. Ke6 Kh6 75. Ke5 Kg5 76. Kd4 Rg3 77. Ke5 Kh4 78. Ke4
Rg2 79. Qe1+ Ng3+ 80. Kf4 g5+ 81. Kf3 Kh5 82. Qe8+ Kh6 83. Qe6+ Kg7 84. Qxh3
Rg1 85. Qd7+ Kh6 86. Kf2 Rh1 87. Kxg3 Rh4 88. Qe6+ Kh5 89. Qf6 1-0

[Event "Mitropa Cup 18th"]
[Site "Portoroz"]
[Date "1998.??.??"]
[Round "1"]
[White "Baumegger, Siegfried"]
[Black "Pavasovic, Dusko"]
[Result "1/2-1/2"]
[WhiteElo "2360"]
[BlackElo "2475"]
[PlyCount "99"]
[EventDate "1998.07.??"]
[EventType "team-tourn"]
[EventRounds "9"]
[EventCountry "SLO"]
[Source "ChessBase"]
[SourceDate "1998.11.10"]

1. d4 d5 2. c4 e6 3. Nf3 Nf6 4. g3 c6 5. Bg2 Bd6 6. O-O O-O 7. b3 b6 8. Bb2
Nbd7 9. Nbd2 Bb7 10. Qc2 Qc7 11. e4 Nxe4 12. Nxe4 dxe4 13. Ng5 Be7 14. Nxe4 c5
15. dxc5 bxc5 16. Rad1 Rfd8 17. Rfe1 Nf8 18. Qc3 f6 19. Qe3 Rxd1 20. Rxd1 Rd8
21. Rxd8 Qxd8 22. Nc3 Bxg2 23. Kxg2 Qd7 24. Ne4 e5 25. Nc3 Ne6 26. Nd5 Bd6 27.
Qf3 Ng5 28. Qh5 Bf8 29. h4 Ne6 30. Qf3 Nd4 31. Qe4 Qd6 32. f4 Qa6 33. Bxd4 exd4
34. Kh3 Kf7 35. f5 Qd6 36. Nf4 Qe5 37. Qb7+ Kg8 38. Qd7 Qe4 39. Kh2 Qc2+ 40.
Kh3 Qe4 41. Kh2 g6 42. fxg6 hxg6 43. Ne6 Qe2+ 44. Kh3 g5 45. hxg5 Qh5+ 46. Kg2
fxg5 47. Qd5 Qe2+ 48. Kh3 Qh5+ 49. Kg2 Qe2+ 50. Kh3 1/2-1/2

[Event "Mitropa Cup 18th"]
[Site "Portoroz"]
[Date "1998.??.??"]
[Round "1"]
[White "Franzen, Jozef"]
[Black "Wirthensohn, Heinz"]
[Result "1/2-1/2"]
[WhiteElo "2320"]
[BlackElo "2390"]
[PlyCount "63"]
[EventDate "1998.07.??"]
[EventType "team-tourn"]
[EventRounds "9"]
[EventCountry "SLO"]
[Source "ChessBase"]
[SourceDate "1998.11.10"]

1. e4 c5 2. Nf3 Nc6 3. d4 cxd4 4. Nxd4 g6 5. c4 Nf6 6. Nc3 d6 7. Be2 Nxd4 8.
Qxd4 Bg7 9. Be3 O-O 10. Qd2 Be6 11. O-O Qa5 12. Rab1 Rfc8 13. b3 Ng4 14. Nd5
Qxd2 15. Bxd2 Kf8 16. Bxg4 Bxg4 17. Bg5 f6 18. Bd2 Be6 19. Rbc1 Kf7 20. Rfe1
Bd7 21. Bf4 Bc6 22. f3 b6 23. Kf2 Rab8 24. Be3 Rb7 25. a4 f5 26. exf5 gxf5 27.
Red1 Rd7 28. Nb4 Bb7 29. Bd4 Bxd4+ 30. Rxd4 e5 31. Rd2 f4 32. Nd5 1/2-1/2

[Event "Mitropa Cup 18th"]
[Site "Portoroz"]
[Date "1998.??.??"]
[Round "1"]
[White "Grabics, Monika"]
[Black "Kalod, Radek"]
[Result "0-1"]
[WhiteElo "2355"]
[BlackElo "2435"]
[PlyCount "72"]
[EventDate "1998.07.??"]
[EventType "team-tourn"]
[EventRounds "9"]
[EventCountry "SLO"]
[Source "ChessBase"]
[SourceDate "1998.11.10"]

1. e4 c5 2. Nf3 d6 3. d4 cxd4 4. Nxd4 Nf6 5. Nc3 a6 6. f4 e6 7. Qf3 Qc7 8. Be3
b5 9. Bd3 Bb7 10. g4 Nc6 11. g5 Nd7 12. Qh3 g6 13. O-O Bg7 14. Nxe6 fxe6 15.
Qxe6+ Ne7 16. Rae1 Nc5 17. Qh3 O-O 18. a4 b4 19. Bc4+ Kh8 20. Rf3 d5 21. Nxd5
Bxd5 22. exd5 Nf5 23. Bd2 Nxa4 24. Bb3 Nxb2 25. Kh1 a5 26. Bc1 Rfe8 27. Ref1 a4
28. Ba2 Qxc2 29. d6 b3 30. Bxb2 Qxb2 31. Bb1 Rad8 32. Bxf5 gxf5 33. Qxf5 Qe2
34. d7 Re7 35. Qa5 Rexd7 36. Qxa4 Rd1 0-1

[Event "Mitropa Cup 18th"]
[Site "Portoroz"]
[Date "1998.??.??"]
[Round "1"]
[White "Grosar, Aljosa"]
[Black "Weiss, Christian"]
[Result "1/2-1/2"]
[WhiteElo "2450"]
[BlackElo "2370"]
[PlyCount "72"]
[EventDate "1998.07.??"]
[EventType "team-tourn"]
[EventRounds "9"]
[EventCountry "SLO"]
[Source "ChessBase"]
[SourceDate "1998.11.10"]

1. e4 c6 2. d4 d5 3. e5 Bf5 4. Nf3 e6 5. Be2 Ne7 6. O-O Nd7 7. Nbd2 h6 8. a3 g5
9. c4 Bg7 10. b4 O-O 11. Nb3 f6 12. exf6 Bxf6 13. Bb2 Nb6 14. Na5 Nxc4 15. Nxc4
dxc4 16. Bxc4 b5 17. Bb3 a5 18. Ne5 Bxe5 19. dxe5 axb4 20. axb4 Rxa1 21. Bxa1
Nd5 22. Bd4 Nf4 23. Bc5 Qxd1 24. Rxd1 Ra8 25. h3 Be4 26. f3 Bd5 27. Bc2 Ra2 28.
Rd2 Nd3 29. Rxd3 Rxc2 30. Ra3 Ra2 31. Rd3 Kf7 32. Rd4 Rc2 33. h4 Rc4 34. h5
Rxd4 35. Bxd4 Bc4 36. Kf2 Bd5 {..(54)} 1/2-1/2

[Event "Mitropa Cup 18th"]
[Site "Portoroz"]
[Date "1998.??.??"]
[Round "1"]
[White "Konopka, Michal"]
[Black "Medvegy, Nora"]
[Result "1-0"]
[WhiteElo "2465"]
[BlackElo "2325"]
[PlyCount "211"]
[EventDate "1998.07.??"]
[EventType "team-tourn"]
[EventRounds "9"]
[EventCountry "SLO"]
[Source "ChessBase"]
[SourceDate "1998.11.10"]

1. d4 Nf6 2. Nf3 e6 3. g3 c5 4. Bg2 cxd4 5. O-O d5 6. Nxd4 Be7 7. c4 O-O 8.
cxd5 Nxd5 9. e4 Nb4 10. Nc3 N8c6 11. Nxc6 bxc6 12. Qa4 Ba6 13. Rd1 Qc8 14. Bf1
Bxf1 15. Kxf1 e5 16. a3 Na6 17. b4 Nb8 18. Be3 Qh3+ 19. Kg1 Rc8 20. Rac1 Nd7
21. Qa6 Nf6 22. f3 h5 23. Na4 h4 24. Qf1 Qxf1+ 25. Kxf1 hxg3 26. hxg3 Kf8 27.
Rc2 Ke8 28. Rdc1 Kd7 29. Nc5+ Bxc5 30. Rxc5 a5 31. bxa5 Kd6 32. Rd1+ Ke6 33.
Bd2 Nd7 34. Rcc1 Rab8 35. Rb1 Rxb1 36. Rxb1 Rb8 37. Rxb8 Nxb8 38. Ke2 Na6 39.
Kd3 Nc5+ 40. Kc4 Na6 41. Bc3 g5 42. Bd2 f6 43. Kd3 Kf7 44. Ke2 Ke6 45. Kf2 Kf7
46. Kg2 Ke6 47. Kh3 Nc5 48. Kg4 Na6 49. Kh5 Kf7 50. Kh6 Nc7 51. Be3 Na6 52. Bf2
Nc7 53. Bc5 Na6 54. Bb4 Nc7 55. Kh5 Na6 56. Kg4 Ke6 57. Kh3 Kf7 58. Kg2 Ke6 59.
Kf2 Kf7 60. Ke3 Ke6 61. Kd3 Kf7 62. Kc4 Ke6 63. Bf8 Kf7 64. Bd6 Ke6 65. Bc5 Kf7
66. Be3 Ke6 67. Kd3 Kf7 68. Ke2 Ke6 69. Kf1 Kf7 70. Kg2 Ke6 71. Kh3 Kf7 72. Kg4
Ke6 73. Kh5 Kf7 74. Bf2 Nc7 75. Bg1 Na6 76. Be3 Nc7 77. a6 Nxa6 78. Kg4 Ke6 79.
Kh3 Kd6 80. Kg2 Nc7 81. Kf1 Nb5 82. Bc1 Kc5 83. Kf2 Kc4 84. a4 Nd4 85. a5 Kb5
86. a6 Kxa6 87. Ba3 f5 88. exf5 Nxf5 89. g4 Nh6 90. Ke3 Kb7 91. Ke4 Nf7 92. Kf5
Kc7 93. Ke6 Nd8+ 94. Kxe5 Kd7 95. Kf5 Ne6 96. Bb2 c5 97. Ke5 Nf8 98. Kd5 Ne6
99. Bf6 Nf4+ 100. Kxc5 Ke8 101. Kd6 Nh3 102. Bd4 Nf4 103. Ke5 Kf7 104. Kf5 Ne6
105. Be3 Ng7+ 106. Kxg5 {..(118)} 1-0

[Event "Mitropa Cup 18th"]
[Site "Portoroz"]
[Date "1998.??.??"]
[Round "1"]
[White "Lakos, Nikoletta"]
[Black "Polak, Tomas"]
[Result "0-1"]
[WhiteElo "2385"]
[BlackElo "2525"]
[PlyCount "80"]
[EventDate "1998.07.??"]
[EventType "team-tourn"]
[EventRounds "9"]
[EventCountry "SLO"]
[Source "ChessBase"]
[SourceDate "1998.11.10"]

1. e4 c5 2. Nf3 d6 3. d4 cxd4 4. Nxd4 Nf6 5. Nc3 a6 6. Be3 e5 7. Nb3 Be6 8. Qd2
Nbd7 9. f3 h5 10. O-O-O Rc8 11. Kb1 Be7 12. Rg1 Qc7 13. g3 b5 14. h3 Nb6 15. g4
hxg4 16. hxg4 b4 17. Bxb6 Qxb6 18. Nd5 Bxd5 19. exd5 Kf8 20. Bd3 g6 21. Rh1 Kg7
22. Be4 a5 23. Nc1 Rxh1 24. Rxh1 Rh8 25. Rxh8 Kxh8 26. c3 bxc3 27. Qxc3 Kg7 28.
Nd3 Nxe4 29. fxe4 Qg1+ 30. Kc2 Qg2+ 31. Qd2 Qxe4 32. Qxa5 Bg5 33. Qc3 Qxd5 34.
a4 Be3 35. a5 Bd4 36. Qd2 e4 37. Nf4 Qc5+ 38. Kb1 Be3 39. Qc2 Qxc2+ 40. Kxc2
Bxf4 0-1

[Event "Mitropa Cup 18th"]
[Site "Portoroz"]
[Date "1998.??.??"]
[Round "1"]
[White "Leski, Marc"]
[Black "Kindermann, Stefan"]
[Result "0-1"]
[WhiteElo "2415"]
[BlackElo "2540"]
[PlyCount "66"]
[EventDate "1998.07.??"]
[EventType "team-tourn"]
[EventRounds "9"]
[EventCountry "SLO"]
[Source "ChessBase"]
[SourceDate "1998.11.10"]

1. d4 Nf6 2. Nf3 g6 3. c4 Bg7 4. g3 O-O 5. Bg2 d6 6. Nc3 Nc6 7. O-O a6 8. d5
Na5 9. Nd2 c5 10. Qc2 Rb8 11. b3 b5 12. Bb2 Bh6 13. f4 bxc4 14. bxc4 e5 15.
dxe6 Bxe6 16. Nd5 Rxb2 17. Qxb2 Bg7 18. Qc1 Bxd5 19. Bxd5 Nxd5 20. cxd5 Qe7 21.
Qc2 Qe3+ 22. Kh1 Bxa1 23. Rxa1 Qxe2 24. Qc3 Rb8 25. a3 c4 26. Kg1 Rb5 27. a4
Rxd5 28. Rb1 Nc6 29. Nxc4 Rc5 30. Re1 Rxc4 31. Qa1 Rxa4 32. Qc3 Rc4 33. Qa1 Nd4
0-1

[Event "Mitropa Cup 18th"]
[Site "Portoroz"]
[Date "1998.??.??"]
[Round "1"]
[White "Luther, Thomas"]
[Black "Touzane, Olivier"]
[Result "1-0"]
[WhiteElo "2560"]
[BlackElo "2350"]
[PlyCount "125"]
[EventDate "1998.07.??"]
[EventType "team-tourn"]
[EventRounds "9"]
[EventCountry "SLO"]
[Source "ChessBase"]
[SourceDate "1998.11.10"]

1. e4 c5 2. Nf3 d6 3. d4 cxd4 4. Nxd4 Nf6 5. Nc3 Nc6 6. Bg5 e6 7. Qd2 a6 8.
O-O-O h6 9. Be3 Be7 10. f3 Nxd4 11. Qxd4 Qc7 12. Qb6 Qc6 13. Qxc6+ bxc6 14. Na4
Nd7 15. c4 c5 16. Bf4 e5 17. Be3 Rb8 18. g3 Nf8 19. f4 Ne6 20. Bh3 exf4 21.
gxf4 g5 22. fxg5 hxg5 23. Bf5 Bb7 24. Nc3 Ng7 25. Nd5 Nxf5 26. exf5 Bxd5 27.
Rxd5 Bf6 28. b3 Be5 29. Bxg5 f6 30. Bd2 Rh5 31. Kc2 Kf7 32. Bc3 Rxh2+ 33. Rxh2
Bxh2 34. a3 Ke7 35. b4 cxb4 36. axb4 Be5 37. Ra5 Rb6 38. Bd2 Kd7 39. Kd3 Rc6
40. Be3 Kc8 41. Bd4 Kb7 42. Rd5 Bxd4 43. Kxd4 Rb6 44. Kc3 Kc7 45. Ra5 Kd7 46.
Ra1 Rc6 47. Rh1 a5 48. Rh7+ Kc8 49. Rf7 d5 50. c5 Kd8 51. Kd4 axb4 52. Kxd5 Ra6
53. Rb7 Ra1 54. Rxb4 Kc7 55. Ke6 Rc1 56. Kxf6 Rxc5 57. Rd4 Rc1 58. Kf7 Rf1 59.
f6 Rf2 60. Ke7 Re2+ 61. Kf8 Rf2 62. f7 Rg2 63. Ke7 1-0

[Event "Mitropa Cup 18th"]
[Site "Portoroz"]
[Date "1998.??.??"]
[Round "1"]
[White "Olivier, Jean Christophe"]
[Black "Wilhelmi, Christian"]
[Result "0-1"]
[WhiteElo "2360"]
[BlackElo "2470"]
[PlyCount "68"]
[EventDate "1998.07.??"]
[EventType "team-tourn"]
[EventRounds "9"]
[EventCountry "SLO"]
[Source "ChessBase"]
[SourceDate "1998.11.10"]

1. e4 c5 2. Nf3 Nc6 3. d4 cxd4 4. Nxd4 Qc7 5. Nb5 Qb8 6. c4 Nf6 7. N5c3 e6 8.
Be2 b6 9. O-O Bb7 10. Be3 Bc5 11. Bxc5 bxc5 12. Na3 O-O 13. Nc2 Rd8 14. Qd2 d6
15. Rad1 Rd7 16. Rfe1 Qf8 17. Bf1 Rad8 18. Qe3 h6 19. Rd2 g5 20. Red1 Ne5 21.
f4 gxf4 22. Qxf4 Qg7 23. Rd3 Nxd3 24. Rxd3 Kh8 25. Rh3 Ng8 26. Ne3 Qf6 27. Qg3
Qe5 28. Qh4 f5 29. exf5 exf5 30. Ncd5 Bxd5 31. Nxd5 Rf8 32. Nf4 Rg7 33. b3 Rg4
34. Qxg4 Qd4+ 0-1

[Event "Mitropa Cup 18th"]
[Site "Portoroz"]
[Date "1998.??.??"]
[Round "1"]
[White "Plachetka, Jan"]
[Black "Forster, Richard"]
[Result "1/2-1/2"]
[WhiteElo "2400"]
[BlackElo "2475"]
[PlyCount "79"]
[EventDate "1998.07.??"]
[EventType "team-tourn"]
[EventRounds "9"]
[EventCountry "SLO"]
[Source "ChessBase"]
[SourceDate "1998.11.10"]

1. e4 d5 2. exd5 Qxd5 3. Nc3 Qa5 4. d4 c6 5. Bc4 Bf5 6. Nf3 Nf6 7. O-O e6 8.
Bf4 Nbd7 9. a3 Be7 10. Qd2 Qb6 11. Na4 Qd8 12. Ba2 b5 13. Nc3 O-O 14. Rfe1 Qb6
15. Nh4 Bg4 16. h3 Bh5 17. Nf5 Bd8 18. Ng3 Bg6 19. Bd6 Re8 20. Nce4 Nxe4 21.
Nxe4 Bxe4 22. Rxe4 Bc7 23. Bxc7 Qxc7 24. Rae1 Rad8 25. c3 Nf6 26. Re5 c5 27.
Qe3 cxd4 28. cxd4 Qb7 29. Qg5 Rxd4 30. Rxb5 Qd7 31. Rb3 h6 32. Qe5 Rd5 33. Qf4
Rd1 34. Rxd1 Qxd1+ 35. Kh2 Qa1 36. Rb8 Qxa2 37. Rxe8+ Nxe8 38. Qb8 Kf8 39. Qb4+
Kg8 40. Qb8 1/2-1/2

[Event "Mitropa Cup 18th"]
[Site "Portoroz"]
[Date "1998.??.??"]
[Round "1"]
[White "Votava, Jan"]
[Black "Madl, Ildiko"]
[Result "1-0"]
[WhiteElo "2510"]
[BlackElo "2410"]
[PlyCount "78"]
[EventDate "1998.07.??"]
[EventType "team-tourn"]
[EventRounds "9"]
[EventCountry "SLO"]
[Source "ChessBase"]
[SourceDate "1998.11.10"]

1. d4 Nf6 2. c4 c5 3. d5 g6 4. Nc3 Bg7 5. e4 d6 6. Nf3 O-O 7. Bd3 e6 8. h3 Na6
9. O-O Nc7 10. Rb1 Rb8 11. a3 exd5 12. cxd5 Nd7 13. Bf4 Qe7 14. Qd2 Ne5 15.
Nxe5 Bxe5 16. Rfe1 Bd7 17. Bg5 f6 18. Bh6 Rfe8 19. f4 Bd4+ 20. Kh2 b5 21. Ne2
Bf2 22. Rf1 c4 23. Rxf2 cxd3 24. Ng3 f5 25. exf5 gxf5 26. Rf3 Qf6 27. Bg5 Qf7
28. Rxd3 b4 29. axb4 Rb5 30. Rd1 Bc8 31. Qc3 Nxd5 32. Rxd5 Rxd5 33. Rxd5 Qxd5
34. Nh5 Qf7 35. Nf6+ Kf8 36. Nxe8 Qxe8 37. Qh8+ Kf7 38. Qf6+ Kg8 39. Bh6 Qg6
1-0

[Event "Mitropa Cup 18th"]
[Site "Portoroz"]
[Date "1998.??.??"]
[Round "1"]
[White "Zueger, Beat"]
[Black "Petran, Peter"]
[Result "0-1"]
[WhiteElo "2425"]
[BlackElo "2420"]
[PlyCount "58"]
[EventDate "1998.07.??"]
[EventType "team-tourn"]
[EventRounds "9"]
[EventCountry "SLO"]
[Source "ChessBase"]
[SourceDate "1998.11.10"]

1. c4 g6 2. e4 Bg7 3. d4 Nc6 4. d5 Nd4 5. Ne2 e5 6. Nxd4 exd4 7. Bd3 c5 8. O-O
d6 9. b4 b6 10. Bf4 Ne7 11. bxc5 bxc5 12. Qa4+ Kf8 13. Re1 h6 14. e5 dxe5 15.
Bxe5 Bxe5 16. Rxe5 Qc7 17. Re2 Bg4 18. Rb2 Rb8 19. Rxb8+ Qxb8 20. Qa3 Kg7 21.
Nd2 Qf4 22. Ne4 Rc8 23. Nxc5 Nf5 24. Ne4 Re8 25. g3 Qe5 26. Nd2 Bh3 27. Nf3 Qf6
28. Re1 Ne3 29. Nh4 Ng4 0-1

[Event "Mitropa Cup 18th"]
[Site "Portoroz"]
[Date "1998.??.??"]
[Round "2"]
[White "Benitah, Yohan"]
[Black "Nikolac, Juraj"]
[Result "0-1"]
[WhiteElo "2345"]
[BlackElo "2450"]
[PlyCount "68"]
[EventDate "1998.07.??"]
[EventType "team-tourn"]
[EventRounds "9"]
[EventCountry "SLO"]
[Source "ChessBase"]
[SourceDate "1998.11.10"]

1. d4 Nf6 2. c4 e6 3. Nc3 Bb4 4. e3 O-O 5. Nge2 Re8 6. a3 Bf8 7. d5 exd5 8.
cxd5 c5 9. g3 d6 10. Bg2 Nbd7 11. O-O a6 12. h3 g6 13. g4 c4 14. b3 cxb3 15.
Qxb3 Nc5 16. Qc2 Bg7 17. Rb1 h5 18. f3 hxg4 19. hxg4 Nfd7 20. e4 Ne5 21. Be3
Nc4 22. Bc1 Bd7 23. Qa2 Ne5 24. Be3 Rc8 25. Bd4 Qh4 26. Bf2 Qh6 27. Rb6 Ncd3
28. Rxb7 Bxg4 29. Bd4 Bh3 30. f4 Ng4 31. Bxg7 Kxg7 32. Rf3 Bxg2 33. Kxg2 Qh2+
34. Kf1 Ne3+ 0-1

[Event "Mitropa Cup 18th"]
[Site "Portoroz"]
[Date "1998.??.??"]
[Round "2"]
[White "Franzen, Jozef"]
[Black "Tabernig, Bernhard"]
[Result "0-1"]
[WhiteElo "2320"]
[BlackElo "2330"]
[PlyCount "46"]
[EventDate "1998.07.??"]
[EventType "team-tourn"]
[EventRounds "9"]
[EventCountry "SLO"]
[Source "ChessBase"]
[SourceDate "1998.11.10"]

1. e4 e6 2. d4 d5 3. Nd2 Nf6 4. e5 Nfd7 5. f4 c5 6. c3 cxd4 7. cxd4 Nc6 8. Ndf3
Qb6 9. h4 Be7 10. Ne2 f6 11. Nc3 fxe5 12. fxe5 O-O 13. Bd3 Rxf3 14. gxf3 Qxd4
15. Bg5 Ndxe5 16. Be2 Bxg5 17. hxg5 Qe3 18. Qc2 Nxf3+ 19. Kf1 Nxg5 20. Rd1 Bd7
21. Kg2 Rf8 22. Bg4 Ne5 23. Bh5 Bc6 0-1

[Event "Mitropa Cup 18th"]
[Site "Portoroz"]
[Date "1998.??.??"]
[Round "2"]
[White "Kovacevic, Vlatko"]
[Black "Olivier, Jean Christophe"]
[Result "1-0"]
[WhiteElo "2520"]
[BlackElo "2360"]
[PlyCount "78"]
[EventDate "1998.07.??"]
[EventType "team-tourn"]
[EventRounds "9"]
[EventCountry "SLO"]
[Source "ChessBase"]
[SourceDate "1998.11.10"]

1. d4 Nf6 2. Nf3 d5 3. e3 c5 4. Nbd2 e6 5. b3 Nc6 6. Bb2 Bd6 7. a3 cxd4 8. exd4
Qc7 9. Bd3 O-O 10. Qe2 b6 11. O-O Bb7 12. Rfe1 Nd7 13. c4 dxc4 14. bxc4 Rae8
15. Ne4 Bf4 16. Qc2 e5 17. d5 Na5 18. Neg5 g6 19. g3 Bxg5 20. Nxg5 Nc5 21. Bf1
b5 22. cxb5 Bxd5 23. Rac1 Nab3 24. Rcd1 Nd4 25. Bxd4 exd4 26. Rxe8 Rxe8 27.
Rxd4 Ba8 28. Qc3 Qb7 29. f3 Qb6 30. Kg2 Ne6 31. Nxe6 Qxe6 32. Bc4 Qf6 33. Qd3
Rf8 34. Rd7 Qb2+ 35. Kh3 Qf6 36. Bd5 Bxd5 37. Qxd5 Kg7 38. Qd4 Qxd4 39. Rxd4
Rb8 1-0

[Event "Mitropa Cup 18th"]
[Site "Portoroz"]
[Date "1998.??.??"]
[Round "2"]
[White "Lalic, Bogdan"]
[Black "Leski, Marc"]
[Result "1-0"]
[WhiteElo "2560"]
[BlackElo "2415"]
[PlyCount "63"]
[EventDate "1998.07.??"]
[EventType "team-tourn"]
[EventRounds "9"]
[EventCountry "SLO"]
[Source "ChessBase"]
[SourceDate "1998.11.10"]

1. e4 d6 2. d4 Nf6 3. Nc3 g6 4. Nf3 Bg7 5. Be2 O-O 6. O-O Bg4 7. Bg5 Nc6 8. h3
Bxf3 9. Bxf3 e5 10. dxe5 dxe5 11. Nd5 Nd4 12. c3 Ne6 13. Be3 c6 14. Nxf6+ Bxf6
15. Qb3 Qe7 16. Bg4 Ng5 17. Qc4 Rfe8 18. Rfd1 Rad8 19. h4 Ne6 20. g3 Qc7 21.
Rxd8 Bxd8 22. Rd1 b5 23. Qd3 Nf8 24. Qd6 h5 25. Bh3 a6 26. Bh6 a5 27. Kg2 c5
28. Qa6 Qb6 29. Rd6 Qb8 30. Rc6 Be7 31. Rb6 Qd8 32. Qxb5 1-0